| 000 | 00453nam a22001817a 4500 | ||
|---|---|---|---|
| 003 | MPLRDC | ||
| 005 | 20220104123430.0 | ||
| 008 | 210129b ||||| |||| 00| 0 eng d | ||
| 020 | _a7-5039-1025-9 | ||
| 082 | _a982.59 JK | ||
| 100 | _a不详 | ||
| 245 |
_a虎口遐想: 姜昆梁左相声集 _c |
||
| 250 | _a一版一刷 | ||
| 260 |
_a _b文化艺术出版社 _c1992 |
||
| 300 | _b平 | ||
| 650 | _a中国戏剧--相声 | ||
| 942 |
_cBK _o982.59 JK |
||
| 999 |
_c11377 _d11367 |
||